Fomentar la coordinación de las políticas económicas en América Latina

Uloženo v:
Podrobná bibliografie
Hlavní autor: Ghymers, Christian (Autor)
Médium: Kniha
Jazyk:španělština
Vydáno: Santiago CEPAL 2005
Vydání:1a. ed
Edice:Libros de la CEPAL, 82
Témata:
Tagy: Přidat tag
Žádné tagy, Buďte první, kdo vytvoří štítek k tomuto záznamu!

MARC

LEADER 00000nam a2200000 a 4500
001 UCK7792
003 CL-VaPUC
008 051216e20050000CL |||||||||||||||||spa|d
020 |a 9213226802 
082 0 4 |a 338.98  |b GHY  |2 21 
100 0 |a Ghymers, Christian  |e author  |9 497417 
245 1 0 |a Fomentar la coordinación de las políticas económicas en América Latina 
246 1 3 |a El método REDIMA para salir del dilema del prisionero 
250 |a 1a. ed 
300 |a 174 p 
942 |c BK 
945 |d 20051216 00:00:00  |a cmena 
260 |a Santiago  |b CEPAL  |c 2005 
650 0 |a Desarrollo económico y social   |9 256320 
650 0 |a Política económica   |9 255029 
650 0 |a Macroeconomía   |9 260301 
650 0 |a Cooperación internacional  |9 255447 
651 0 |a América Latina   |9 255027 
583 |a last modification  |c 20051216 00:00:00  |k Rodrigo Vera 
490 0 |a Libros de la CEPAL, 82 
999 |c 315637  |d 315635 
952 |0 0  |1 0  |4 0  |6 338_980000000000000_GHY_2005  |7 0  |8 A  |9 389188  |a BIBGIM  |b BIBGIM  |d 2019-11-22  |i 4192915  |o 338.98 GHY 2005  |p 4192915  |r 2025-01-15  |w 2019-11-22  |y BK  |k GIM